00414 2200181 4500001002100000005001500021008004100036035001900077041000700096082000800103090001200111100001200123245002500135260002200160300002500182500001400207650001100221INLIS00000000000269720241224112603241224||||||||| | ||| |||| || |  0010-1224002697 aen0 a819 a819 AWE0 aTjaraka00aAwewe Dulang Tinande bGiri Mukti Pasaka a200 hlm;14 x x 21 cm aCet. 1, 2 0aSastra